| 000 | 00309nam a22000977a 4500 | ||
|---|---|---|---|
| 100 |
_aPC MUHAMMAD SAAD SALAHUDDIN NS AHMAD MOIZ NS OMAR HASAN NS HASSAAN AHMAD SIDDIQI _972919 |
||
| 245 | _aPR-SOF-1863-Cyber Heart | ||
| 650 |
_a DE-COMP-38 _972920 |
||
| 700 |
_a SUPERVISOR DR. QAISER CHAUDRY _970543 |
||
| 942 | _cCR | ||
| 999 |
_c578880 _d578880 |
||